[Event "Copenhagen Chess Challenge 2"]
[Site "?"]
[Date "2015.05.01"]
[Round "4.9"]
[White "Kistrup,1942, Nicolai"]
[Black "Christiansen,2392, FM Johan-Sebastian"]
[Result "0-1"]
[BlackElo "2392"]
[WhiteElo "1942"]
[LiveChessVersion "1.4.6"]

1. d4 {[%clk 1:30:38]} Nf6 {[%clk 1:30:49]} 2. Nf3 {[%clk 1:30:53]} c5
{[%clk 1:31:14]} 3. d5 {[%clk 1:30:44]} b5 {[%clk 1:31:41]} 4. a4
{[%clk 1:20:32]} b4 {[%clk 1:28:02]} 5. c4 {[%clk 1:17:40]} g6 {[%clk 1:28:26]}
6. Nbd2 {[%clk 1:11:13]} Bg7 {[%clk 1:28:50]} 7. e4 {[%clk 1:10:50]} d6
{[%clk 1:29:15]} 8. Bd3 {[%clk 1:03:30]} O-O {[%clk 1:29:13]} 9. O-O
{[%clk 1:02:44]} e6 {[%clk 1:28:09]} 10. dxe6 {[%clk 0:55:48]} Bxe6
{[%clk 1:22:55]} 11. Qc2 {[%clk 0:48:54]} Nc6 {[%clk 1:20:39]} 12. Nb3
{[%clk 0:45:49]} Qc7 {[%clk 1:16:00]} 13. h3 {[%clk 0:35:45]} Nd7
{[%clk 1:11:49]} 14. Be3 {[%clk 0:30:00]} Rae8 {[%clk 1:08:41]} 15. Rad1
{[%clk 0:25:00]} Rb8 {[%clk 0:56:10]} 16. Rfe1 {[%clk 0:18:59]} Nb6
{[%clk 0:55:04]} 17. Ra1 {[%clk 0:18:17]} Nd7 {[%clk 0:51:50]} 18. Bf1
{[%clk 0:18:17]} Nde5 {[%clk 0:47:45]} 19. Nxe5 {[%clk 0:15:25]} Nxe5
{[%clk 0:47:58]} 20. f4 {[%clk 0:14:20]} Nc6 {[%clk 0:48:01]} 21. Bd3
{[%clk 0:11:09]} Rfe8 {[%clk 0:46:40]} 22. Kh1 {[%clk 0:07:18]} Rbd8
{[%clk 0:42:40]} 23. Qf2 {[%clk 0:05:28]} Bc8 {[%clk 0:41:20]} 24. Rad1
{[%clk 0:04:42]} Bb7 {[%clk 0:39:39]} 25. Qc2 {[%clk 0:04:02]} Ba8
{[%clk 0:38:30]} 26. Ra1 {[%clk 0:03:20]} Qc8 {[%clk 0:38:17]} 27. Kh2
{[%clk 0:02:25]} Nb8 {[%clk 0:37:49]} 28. Nd2 {[%clk 0:01:34]} Nd7
{[%clk 0:37:51]} 29. Rab1 {[%clk 0:01:31]} Nf6 {[%clk 0:37:54]} 30. b3
{[%clk 0:01:19]} Qc7 {[%clk 0:38:12]} 31. Bf2 {[%clk 0:01:03]} Nh5
{[%clk 0:38:24]} 32. g3 {[%clk 0:00:54]} Nf6 {[%clk 0:37:53]} 33. Bf1
{[%clk 0:00:43]} h5 {[%clk 0:38:00]} 34. Bg2 {[%clk 0:00:47]} Bh6
{[%clk 0:37:57]} 35. h4 {[%clk 0:00:37]} Ng4+ {[%clk 0:37:40]} 36. Kg1
{[%clk 0:01:01]} Bg7 {[%clk 0:38:07]} 37. Bf3 {[%clk 0:00:48]} Nxf2
{[%clk 0:37:52]} 38. Kxf2 {[%clk 0:01:09]} Re7 {[%clk 0:38:05]} 39. Re2
{[%clk 0:01:21]} Rde8 {[%clk 0:38:29]} 40. Rbe1 {[%clk 0:01:23]} Bd4+
{[%clk 0:38:46]} 41. Kg2 {[%clk 0:01:43]} Bb7 {[%clk 0:37:22]} 42. Nb1
{[%clk 0:01:47]} Bc6 {[%clk 0:37:26]} 43. Qd3 {[%clk 0:01:08]} Qb7
{[%clk 0:37:34]} 44. Nd2 {[%clk 0:01:17]} Bc3 {[%clk 0:37:09]} 45. Kh2
{[%clk 0:01:06]} Qd7 {[%clk 0:35:50]} 46. Kg2 {[%clk 0:00:42]} Qe6
{[%clk 0:36:13]} 47. Kh2 {[%clk 0:00:43]} Qf6 {[%clk 0:35:58]} 48. Re3
{[%clk 0:00:37]} Qd4 {[%clk 0:35:07]} 49. Qxd4 {[%clk 0:00:38]} cxd4
{[%clk 0:35:30]} 50. R3e2 {[%clk 0:00:40]} d3 {[%clk 0:35:22]} 51. Rf2
{[%clk 0:00:55]} f5 {[%clk 0:35:47]} 52. Rd1 {[%clk 0:00:41]} fxe4
{[%clk 0:36:08]} 53. Nxe4 {[%clk 0:00:38]} Bxe4 {[%clk 0:36:27]} 54. Bxe4
{[%clk 0:01:01]} Rxe4 {[%clk 0:36:50]} 55. Rxd3 {[%clk 0:01:16]} Bd4
{[%clk 0:37:09]} 56. Rfd2 {[%clk 0:00:50]} Re2+ {[%clk 0:37:33]} 57. Rxe2
{[%clk 0:00:55]} Rxe2+ {[%clk 0:37:58]} 58. Kh3 {[%clk 0:01:08]} Bc5
{[%clk 0:37:22]} 0-1

[Event "Copenhagen Chess Challenge 2"]
[Site "?"]
[Date "2015.05.01"]
[Round "4.10"]
[White "Johansen,1879, Johnny Holler"]
[Black "Stojanovski,2232, Sandi"]
[Result "0-1"]
[BlackElo "2232"]
[WhiteElo "1879"]
[LiveChessVersion "1.4.6"]

1. e4 {[%clk 1:30:57]} c5 {[%clk 1:30:26]} 2. Nf3 {[%clk 1:31:22]} Nc6
{[%clk 1:29:06]} 3. d4 {[%clk 1:31:47]} cxd4 {[%clk 1:29:04]} 4. Nxd4
{[%clk 1:32:12]} Nf6 {[%clk 1:27:40]} 5. Nc3 {[%clk 1:32:36]} e5 {[%clk 1:27:39]}
6. Ndb5 {[%clk 1:33:01]} d6 {[%clk 1:27:55]} 7. a4 {[%clk 1:33:25]} a6
{[%clk 1:07:14]} 8. Na3 {[%clk 1:33:39]} Bg4 {[%clk 0:55:06]} 9. f3
{[%clk 1:34:02]} Be6 {[%clk 0:55:12]} 10. Bc4 {[%clk 1:34:26]} Be7
{[%clk 0:45:26]} 11. Bg5 {[%clk 1:34:46]} O-O {[%clk 0:40:59]} 12. Bxf6
{[%clk 1:35:10]} Bxf6 {[%clk 0:41:21]} 13. Nd5 {[%clk 1:35:31]} Bh4+
{[%clk 0:36:57]} 14. g3 {[%clk 1:35:50]} Bg5 {[%clk 0:35:04]} 15. c3
{[%clk 1:35:42]} Kh8 {[%clk 0:31:21]} 16. Qe2 {[%clk 1:35:52]} Ne7
{[%clk 0:28:21]} 17. Nxe7 {[%clk 1:35:23]} Bxe7 {[%clk 0:27:46]} 18. O-O
{[%clk 1:33:41]} Rc8 {[%clk 0:25:50]} 19. Rfd1 {[%clk 1:33:40]} Qa5
{[%clk 0:24:42]} 20. b4 {[%clk 1:19:52]} Qc7 {[%clk 0:23:03]} 21. Bxe6
{[%clk 1:19:56]} fxe6 {[%clk 0:23:27]} 22. Rd3 {[%clk 1:19:51]} Qd7
{[%clk 0:19:00]} 23. Nc2 {[%clk 1:11:19]} Rc6 {[%clk 0:19:03]} 24. Ne3
{[%clk 1:10:54]} Rfc8 {[%clk 0:18:55]} 25. Nd1 {[%clk 1:08:14]} R6c7
{[%clk 0:14:13]} 26. Kg2 {[%clk 1:04:49]} Qc6 {[%clk 0:14:33]} 27. Qa2
{[%clk 1:03:20]} Qd7 {[%clk 0:14:17]} 28. Qe2 {[%clk 1:03:34]} h6
{[%clk 0:14:27]} 29. Qe1 {[%clk 0:48:08]} Qe8 {[%clk 0:14:04]} 30. Ra2
{[%clk 0:44:21]} h5 {[%clk 0:12:46]} 31. Qe3 {[%clk 0:40:15]} Kh7
{[%clk 0:10:49]} 32. Nf2 {[%clk 0:34:37]} Qg6 {[%clk 0:09:50]} 33. Qe1
{[%clk 0:33:11]} Kg8 {[%clk 0:06:50]} 34. Nd1 {[%clk 0:33:31]} Rc6
{[%clk 0:06:42]} 35. Qe2 {[%clk 0:33:39]} Qf7 {[%clk 0:06:46]} 36. Rb2
{[%clk 0:33:05]} Qe8 {[%clk 0:06:49]} 37. Ra2 {[%clk 0:33:18]} R6c7
{[%clk 0:06:04]} 38. Qe3 {[%clk 0:33:20]} Qc6 {[%clk 0:06:21]} 39. Qe2
{[%clk 0:33:07]} Bf6 {[%clk 0:06:05]} 40. Qd2 {[%clk 0:33:07]} Rd8
{[%clk 0:06:10]} 41. Ne3 {[%clk 0:32:31]} Rcd7 {[%clk 0:06:32]} 42. Qe2
{[%clk 0:31:37]} d5 {[%clk 0:06:46]} 43. exd5 {[%clk 0:26:21]} exd5
{[%clk 0:07:09]} 44. Nd1 {[%clk 0:25:17]} e4 {[%clk 0:05:50]} 45. fxe4
{[%clk 0:23:18]} dxe4 {[%clk 0:06:09]} 46. Rxd7 {[%clk 0:22:29]} Rxd7
{[%clk 0:05:01]} 47. Qxh5 {[%clk 0:15:01]} e3+ {[%clk 0:04:34]} 48. Kg1
{[%clk 0:15:02]} Qe4 {[%clk 0:04:26]} 49. Qe2 {[%clk 0:12:15]} Qb1
{[%clk 0:04:14]} 50. Qc4+ {[%clk 0:10:45]} Kh7 {[%clk 0:04:34]} 0-1

[Event "Copenhagen Chess Challenge 2"]
[Site "?"]
[Date "2015.05.01"]
[Round "4.11"]
[White "Mitscherling,2221, FM Andreas"]
[Black "Andersen,2045, Kim Nyvang"]
[Result "1-0"]
[BlackElo "2045"]
[WhiteElo "2221"]
[LiveChessVersion "1.4.6"]

1. d4 {[%clk 1:30:57]} Nf6 {[%clk 1:30:50]} 2. Nf3 {[%clk 1:31:20]} e6
{[%clk 1:31:02]} 3. Bf4 {[%clk 1:31:18]} b6 {[%clk 1:30:15]} 4. e3
{[%clk 1:31:04]} Bb7 {[%clk 1:29:57]} 5. h3 {[%clk 1:31:22]} g6 {[%clk 1:29:50]}
6. Bd3 {[%clk 1:30:01]} Ne4 {[%clk 1:29:01]} 7. O-O {[%clk 1:28:43]} Bg7
{[%clk 1:29:16]} 8. c4 {[%clk 1:28:00]} O-O {[%clk 1:29:15]} 9. Nc3
{[%clk 1:28:16]} Nxc3 {[%clk 1:28:52]} 10. bxc3 {[%clk 1:28:39]} d6
{[%clk 1:28:22]} 11. e4 {[%clk 1:20:58]} Nc6 {[%clk 1:23:37]} 12. Be3
{[%clk 1:16:26]} e5 {[%clk 1:22:55]} 13. d5 {[%clk 1:14:32]} Na5 {[%clk 1:23:09]}
14. Nd2 {[%clk 1:14:32]} Ba6 {[%clk 1:19:13]} 15. g4 {[%clk 1:11:17]} h6
{[%clk 1:12:12]} 16. Qe2 {[%clk 1:07:09]} Qe8 {[%clk 1:11:39]} 17. a4
{[%clk 1:06:28]} Bc8 {[%clk 1:10:56]} 18. Kh2 {[%clk 1:04:55]} Bd7
{[%clk 1:10:43]} 19. Bc2 {[%clk 1:04:51]} Rc8 {[%clk 1:06:23]} 20. Rg1
{[%clk 1:04:25]} f6 {[%clk 1:06:10]} 21. c5 {[%clk 0:53:05]} dxc5
{[%clk 1:01:38]} 22. Bxc5 {[%clk 0:49:19]} bxc5 {[%clk 0:55:59]} 23. Qa6
{[%clk 0:49:44]} c6 {[%clk 0:56:25]} 24. Qxa5 {[%clk 0:49:26]} cxd5
{[%clk 0:56:50]} 25. exd5 {[%clk 0:49:05]} f5 {[%clk 0:57:11]} 26. gxf5
{[%clk 0:46:06]} gxf5 {[%clk 0:53:26]} 27. Qa6 {[%clk 0:44:22]} e4
{[%clk 0:51:54]} 28. Nc4 {[%clk 0:40:11]} Kh8 {[%clk 0:47:07]} 29. Rg6
{[%clk 0:39:44]} Rf7 {[%clk 0:37:38]} 30. Rag1 {[%clk 0:39:18]} Qf8
{[%clk 0:35:45]} 31. Kh1 {[%clk 0:37:40]} Rf6 {[%clk 0:33:41]} 32. Qxa7
{[%clk 0:35:10]} Rxg6 {[%clk 0:33:57]} 33. Rxg6 {[%clk 0:35:33]} Be8
{[%clk 0:34:12]} 34. Re6 {[%clk 0:29:58]} Bh5 {[%clk 0:29:19]} 35. Qa6
{[%clk 0:20:48]} Rd8 {[%clk 0:21:30]} 36. Qc6 {[%clk 0:16:45]} Kh7
{[%clk 0:18:21]} 37. Ne3 {[%clk 0:16:45]} Bf7 {[%clk 0:16:40]} 38. Nxf5
{[%clk 0:15:48]} Bxe6 {[%clk 0:17:03]} 39. dxe6 {[%clk 0:15:51]} Rd1+
{[%clk 0:07:33]} 40. Kg2 {[%clk 0:14:50]} Re1 {[%clk 0:04:47]} 41. Bxe4
{[%clk 0:14:17]} Bxc3 {[%clk 0:03:41]} 42. e7 {[%clk 0:14:15]} Qg8+
{[%clk 0:03:01]} 43. Ng3+ {[%clk 0:14:39]} 1-0

[Event "Copenhagen Chess Challenge 2"]
[Site "?"]
[Date "2015.05.01"]
[Round "4.12"]
[White "Andersen,2123, Søren Mikkel"]
[Black "Tandrup,1963, Michael"]
[Result "0-1"]
[BlackElo "1963"]
[WhiteElo "2123"]
[LiveChessVersion "1.4.6"]

1. d4 {[%clk 1:26:16]} Nf6 {[%clk 1:30:14]} 2. c4 {[%clk 1:23:26]} g6
{[%clk 1:29:18]} 3. Nc3 {[%clk 1:23:48]} d5 {[%clk 1:29:05]} 4. Nf3
{[%clk 1:23:46]} Bg7 {[%clk 1:28:51]} 5. Qb3 {[%clk 1:23:56]} dxc4
{[%clk 1:27:02]} 6. Qxc4 {[%clk 1:23:48]} O-O {[%clk 1:25:28]} 7. e4
{[%clk 1:24:08]} Bg4 {[%clk 1:20:10]} 8. Be3 {[%clk 1:23:51]} Nfd7
{[%clk 1:15:35]} 9. O-O-O {[%clk 1:22:53]} Nb6 {[%clk 1:10:35]} 10. Qb3
{[%clk 1:19:37]} Nc6 {[%clk 1:03:21]} 11. d5 {[%clk 1:16:30]} Ne5
{[%clk 1:01:23]} 12. Be2 {[%clk 1:16:08]} Nxf3 {[%clk 0:57:46]} 13. Bxf3
{[%clk 1:14:24]} Qc8 {[%clk 0:55:54]} 14. h3 {[%clk 1:09:19]} Bxf3
{[%clk 0:48:34]} 15. gxf3 {[%clk 1:09:44]} c6 {[%clk 0:48:46]} 16. Kb1
{[%clk 1:06:53]} cxd5 {[%clk 0:21:47]} 17. Nxd5 {[%clk 0:42:51]} Nxd5
{[%clk 0:21:23]} 18. Rxd5 {[%clk 0:42:56]} Rd8 {[%clk 0:19:23]} 19. Rxd8+
{[%clk 0:34:18]} Qxd8 {[%clk 0:19:39]} 20. Rd1 {[%clk 0:34:32]} Qc7
{[%clk 0:15:56]} 21. Qd5 {[%clk 0:33:41]} Rc8 {[%clk 0:12:51]} 22. Rc1
{[%clk 0:32:16]} Qb8 {[%clk 0:11:35]} 23. Qd7 {[%clk 0:29:19]} Rxc1+
{[%clk 0:08:55]} 24. Kxc1 {[%clk 0:28:25]} e6 {[%clk 0:07:56]} 25. Kc2
{[%clk 0:20:43]} h5 {[%clk 0:07:27]} 26. f4 {[%clk 0:20:45]} b6 {[%clk 0:05:51]}
27. f3 {[%clk 0:19:50]} Bh6 {[%clk 0:05:01]} 28. Qd2 {[%clk 0:17:34]} Qc8+
{[%clk 0:03:38]} 29. Kb3 {[%clk 0:15:31]} b5 {[%clk 0:01:55]} 30. Qd3
{[%clk 0:15:33]} Qb8 {[%clk 0:01:53]} 31. e5 {[%clk 0:15:22]} a5 {[%clk 0:01:48]}
32. Qe4 {[%clk 0:15:01]} a4+ {[%clk 0:01:13]} 33. Kc2 {[%clk 0:15:02]} Qc7+
{[%clk 0:01:24]} 34. Kd3 {[%clk 0:14:59]} Bf8 {[%clk 0:01:34]} 35. Bd2
{[%clk 0:14:37]} Bc5 {[%clk 0:01:20]} 36. Ke2 {[%clk 0:14:36]} Bb6
{[%clk 0:01:07]} 37. b3 {[%clk 0:14:12]} axb3 {[%clk 0:01:15]} 38. axb3
{[%clk 0:14:37]} Qc5 {[%clk 0:01:12]} 39. Be3 {[%clk 0:14:34]} Qc7
{[%clk 0:01:30]} 40. Bxb6 {[%clk 0:12:25]} Qxb6 {[%clk 0:01:59]} 41. Qe3
{[%clk 0:12:28]} Qa5 {[%clk 0:01:43]} 42. Qd2 {[%clk 0:10:21]} Qa3
{[%clk 0:01:24]} 43. b4 {[%clk 0:09:35]} Qb3 {[%clk 0:01:27]} 44. Kf2
{[%clk 0:09:37]} Kg7 {[%clk 0:01:17]} 45. Qd4 {[%clk 0:08:09]} h4
{[%clk 0:00:50]} 46. Ke2 {[%clk 0:05:47]} Qc2+ {[%clk 0:00:54]} 47. Qd2
{[%clk 0:05:41]} Qc4+ {[%clk 0:01:10]} 48. Kf2 {[%clk 0:05:41]} Qb3
{[%clk 0:01:17]} 49. Qe1 {[%clk 0:05:18]} Qb2+ {[%clk 0:01:21]} 50. Kg1
{[%clk 0:04:45]} Qd4+ {[%clk 0:01:36]} 51. Kf1 {[%clk 0:04:08]} Qxf4
{[%clk 0:01:48]} 52. Kg2 {[%clk 0:04:18]} Qg5+ {[%clk 0:01:48]} 53. Kh1
{[%clk 0:04:08]} Qf4 {[%clk 0:01:51]} 54. Kg2 {[%clk 0:04:33]} g5
{[%clk 0:02:01]} 55. Qe4 {[%clk 0:01:12]} Qg3+ {[%clk 0:01:57]} 56. Kf1
{[%clk 0:01:34]} Qxh3+ {[%clk 0:02:20]} 57. Ke2 {[%clk 0:02:03]} Qg2+
{[%clk 0:02:16]} 58. Kd3 {[%clk 0:01:31]} h3 {[%clk 0:02:17]} 0-1

[Event "Copenhagen Chess Challenge 2"]
[Site "?"]
[Date "2015.05.01"]
[Round "4.13"]
[White "Risting,2107, Eivind Olav"]
[Black "Kokholm,1913, Daniel"]
[Result "1-0"]
[BlackElo "1913"]
[WhiteElo "2107"]
[LiveChessVersion "1.4.6"]

1. c4 {[%clk 1:29:07]} e5 {[%clk 1:30:30]} 2. Nc3 {[%clk 1:29:30]} Nc6 3. Nf3
{[%clk 1:29:34]} Nf6 {[%clk 1:25:54]} 4. g3 {[%clk 1:29:29]} Bc5 {[%clk 1:25:26]}
5. Bg2 {[%clk 1:29:27]} a6 {[%clk 1:25:11]} 6. O-O {[%clk 1:29:40]} d6
{[%clk 1:25:08]} 7. a3 {[%clk 1:29:53]} Be6 {[%clk 1:25:10]} 8. d3
{[%clk 1:29:24]} h6 {[%clk 1:24:48]} 9. e3 {[%clk 1:27:23]} Ba7 {[%clk 1:24:35]}
10. b3 {[%clk 1:27:11]} Qd7 {[%clk 1:21:49]} 11. Bb2 {[%clk 1:24:35]} Bh3
{[%clk 1:12:36]} 12. d4 {[%clk 1:22:53]} Bxg2 {[%clk 1:10:53]} 13. Kxg2
{[%clk 1:23:09]} exd4 {[%clk 1:10:35]} 14. exd4 {[%clk 1:23:11]} O-O
{[%clk 1:11:00]} 15. d5 {[%clk 1:22:25]} Ne7 {[%clk 1:09:52]} 16. Ne2
{[%clk 1:21:47]} Ng4 {[%clk 0:56:34]} 17. h3 {[%clk 1:01:58]} Nxf2
{[%clk 0:56:27]} 18. Rxf2 {[%clk 1:02:15]} Bxf2 {[%clk 0:56:09]} 19. Kxf2
{[%clk 1:02:28]} Qxh3 {[%clk 0:51:55]} 20. Ned4 Ng6 {[%clk 0:43:55]} 21. Qc2
{[%clk 0:52:12]} Ne5 {[%clk 0:40:00]} 22. Nxe5 {[%clk 0:50:33]} dxe5
{[%clk 0:40:25]} 23. Nf3 {[%clk 0:50:39]} Rae8 {[%clk 0:38:50]} 24. Re1
{[%clk 0:50:39]} g5 {[%clk 0:38:50]} 25. Rxe5 {[%clk 0:50:39]} Rxe5
{[%clk 0:19:58]} 26. Bxe5 {[%clk 0:48:46]} Re8 {[%clk 0:18:17]} 27. Bb2
{[%clk 0:45:39]} g4 {[%clk 0:10:48]} 28. Qc3 {[%clk 0:43:20]} Kf8
{[%clk 0:11:13]} 29. Qg7+ {[%clk 0:43:25]} Ke7 {[%clk 0:11:34]} 30. Qf6+
{[%clk 0:40:52]} Kf8 {[%clk 0:08:43]} 31. Qh8+ {[%clk 0:39:58]} Ke7
{[%clk 0:09:07]} 32. Bf6+ {[%clk 0:39:58]} Kd7 {[%clk 0:09:27]} 33. Ne5+
{[%clk 0:40:07]} Kd6 {[%clk 0:08:53]} 34. Nxf7+ {[%clk 0:40:12]} Kd7
{[%clk 0:06:35]} 35. Ne5+ {[%clk 0:39:44]} Kd6 {[%clk 0:06:35]} 36. Nf7+
{[%clk 0:36:42]} Kd7 {[%clk 0:06:47]} 37. Qxh6 {[%clk 0:37:01]} Re2+
{[%clk 0:00:39]} 38. Kxe2 {[%clk 0:37:19]} Qg2+ {[%clk 0:01:06]} 39. Kd3
{[%clk 0:37:27]} Qf1+ {[%clk 0:01:16]} 40. Kc3 {[%clk 0:37:18]} Qa1+
{[%clk 0:01:22]} 41. Kb4 {[%clk 0:37:22]} Qe1+ {[%clk 0:00:55]} 42. Bc3
{[%clk 0:37:28]} a5+ {[%clk 0:01:04]} 43. Ka4 {[%clk 0:37:45]} Qxc3
{[%clk 0:01:17]} 44. Qe6# 1-0